Library of the University of Algiers 3
Ibrahim Sultan Cheibout
شعار جامعة الجزائر 3
مكتبة جامعة الجزائر 3
إبراهيم سلطان شيبوط

إقتصاديات المواقع الصناعية وتقييم المشروعات ودراسة الجدوى / (رقم التسجيلة. 45497)

تفاصيل مارك
000 -LEADER
fixed length control field 01229nam a2200217Ia 4500
003 - CONTROL NUMBER IDENTIFIER
control field Ost
005 - DATE AND TIME OF LATEST TRANSACTION
control field 20260507075646.0
008 - FIXED-LENGTH DATA ELEMENTS--GENERAL INFORMATION
fixed length control field 260507s9999||||xx |||||||||||||| ||und||
040 ## - CATALOGING SOURCE
Transcribing agency fsecg
041 ## - LANGUAGE CODE
Language code of text/sound track or separate title ara
082 ## - DEWEY DECIMAL CLASSIFICATION NUMBER
Classification number 338
100 ## - MAIN ENTRY--PERSONAL NAME
Personal name السماك، محمد أزهر سعيد
Relator term مؤلف
245 #0 - TITLE STATEMENT
Title إقتصاديات المواقع الصناعية وتقييم المشروعات ودراسة الجدوى /
Statement of responsibility, etc. محمد أزهر سعيد السماك
260 ## - PUBLICATION, DISTRIBUTION, ETC.
Place of publication, distribution, etc. عمان:
Name of publisher, distributor, etc. دار زهران للنشر والتوزيع,
Date of publication, distribution, etc. 1998
300 ## - PHYSICAL DESCRIPTION
Extent 395 صفحة؛
Other physical details إيضاحات ؛
Dimensions 24 سم
520 ## - SUMMARY, ETC.
Summary, etc. الإطار النظري لدراسة مقومات الموقع الصناعي- تطبيقات في التحليل الإقتصادي المكاني للمقومات الموقع الصناعي لصناعات مختارة- المواقع الصناعية- التوزيع الصناعي- تقييم المشروعات الصناعية- دراسات الجدوى للمشروعات الصناعية- قياس كفاءة الأداء في المشروعات.
653 ## - INDEX TERM--UNCONTROLLED
Uncontrolled term إقتصاديات الصناعة
653 ## - INDEX TERM--UNCONTROLLED
Uncontrolled term تقييم المشروعات
653 ## - INDEX TERM--UNCONTROLLED
Uncontrolled term دراسة الجدوى
942 ## - ADDED ENTRY ELEMENTS (KOHA)
Koha item type كتب
المقتنيات
Withdrawn status Lost status Source of classification or shelving scheme Damaged status Not for loan Home library Current library Date acquired Serial enumeration / chronology Inventory number Total checkouts Full call number Barcode Date last seen Price effective from Koha item type
    Dewey Decimal Classification   NOT LOAN / إعارة داخلية مكتبة كلية العلوم الإقتصادية والعلوم التجارية وعلوم التسيير مكتبة كلية العلوم الإقتصادية والعلوم التجارية وعلوم التسيير 07/05/2026 الطابق الأرضي 1/1617   أ/1617ن1 1/1617 07/05/2026 07/05/2026 كتب

موارد الويب المفتوحة


© University of Algiers 3 All Rights Reserved
|
Implemented by LECHELAH Riad